000 00639nam a22002297a 4500
001 48120
003 UA-OsUOA
005 20210426181820.0
007 ta
008 20070830b un ||||| |||| 00| 0 ukr d
040 _aUA-OsUOA
_bukr
_cUA-OsUOA
_dUA-OsUOA
041 _aukr
080 _a821.161.2
090 _a821.161.2
_bД43
100 _aДзеверін І. О.
245 _aЕстетика ленінізму і питання літератури
260 _aК.
_bДніпро
_c1975
300 _a244 с.
650 7 _a82 Література. Літературознавство
_2UDC
942 _cBK
_2udc
955 _a2
999 _c334225
_d334225